[Event "COL-ch deaf (Women) 2nd"]
[Site "Cali"]
[Date "2008.10.28"]
[Round "7.1"]
[White "Varela Cantillo, Lili del Carmen"]
[Black "Camargo, Olga Lucia"]
[Result "1-0"]
[WhiteElo "1600"]
[BlackElo "1600"]
[PlyCount "37"]
[EventDate "2008.10.25"]
[EventType "swiss"]
[EventRounds "7"]
[EventCountry "COL"]
[SourceTitle "EXT 2024"]
[Source "ChessBase"]
[SourceDate "2023.10.10"]
[SourceVersion "1"]
[SourceVersionDate "2023.10.10"]
[SourceQuality "1"]

1. e4 e5 2. Bc4 Bc5 3. Qf3 Nf6 4. d3 0-0 5. Bg5 Bb4+ 6. c3 Bc5 7. h4 h6 8. Bxf6 gxf6 9. Qg3+ Kh7 10. Nd2 Rg8 11. Qf3 Rg6 12. Bxf7 Kg7 13. Bxg6 Kxg6 14. h5+ Kf7 15. Rh3 d6 16. Rg3 Be6 17. Rg6 Ke7 18. Qxf6+ Kd7 19. Rg7+ 1-0